| 000 | 00389nam a2200145Ia 4500 | ||
|---|---|---|---|
| 008 | 230917s9999||||xx |||||||||||||| ||und|| | ||
| 040 |
_e110534 _aMAIN |
||
| 041 | _aEnglish | ||
| 082 | _a301.04 L881C | ||
| 100 | _aLopreto, Joseph | ||
| 245 | 0 | _aClass, conflict, and mobility: theories and studies of class structure | |
| 260 |
_ajaipur _bRawat _c2005 |
||
| 300 | _a576 p. | ||
| 942 | _cBK | ||
| 999 |
_c131371 _d131371 |
||